| 000 | 004810000a22001810004500 | ||
|---|---|---|---|
| 003 | MACL | ||
| 005 | 20150804150132.0 | ||
| 008 | 150804b xxu||||| |||| 00| 0 eng d | ||
| 040 |
_aMACL _cMACL |
||
| 041 | _aEnglish | ||
| 082 | _a370/AGR | ||
| 100 |
_aAgrawal, Mamta _94626 |
||
| 245 |
_aEducation and Modernization _bA Study of Hindu and Muslim Women |
||
| 260 |
_bEduresearch Publicatios _c1986 _aNew Delhi |
||
| 350 | _a100 | ||
| 650 |
_aEducation _94627 |
||
| 942 |
_cBK _k370 _2ddc |
||
| 999 |
_c5336 _d5336 |
||